[Event "I Torneo Puente Foral"]
[Site "?"]
[Date "2006.12.03"]
[Round "1.1"]
[White "Burguete Archel, Eduardo"]
[Black "Martinez Salas, Imanol"]
[Result "1-0"]
[WhiteElo "2151"]
[BlackElo "1956"]
[PlyCount "109"]
[EventDate "2006.12.04"]

1. e4 e6 2. d4 d5 3. e5 c5 4. c3 Nc6 5. Nf3 Bd7 6. Be2 f6 7. exf6 Nxf6 8. O-O
cxd4 9. cxd4 Bd6 10. Nc3 a6 11. Bg5 O-O 12. Rc1 Qb6 13. Na4 Qa5 14. Bd2 Qd8 15.
a3 Ne4 16. Be3 Be8 17. Nc3 Nxc3 18. Rxc3 Bg6 19. b4 Rc8 20. Qd2 Ne7 21. Bg5
Rxc3 22. Qxc3 Qd7 23. Qd2 Rc8 24. Rc1 Rxc1+ 25. Qxc1 Qc8 26. Qe3 Be4 27. Bxe7
Bxe7 28. Ne5 Bf6 29. f3 Bxe5 30. fxe4 Bf6 31. e5 Bd8 32. Bg4 Bb6 33. h4 Kf7 34.
Qf4+ Kg8 35. Kh2 Qd7 36. Qd2 Qf7 37. Qc1 Qd7 38. Qc3 Kf7 39. Qf3+ Kg8 40. Qf4
Qf7 41. Qc1 Qd7 42. Qc3 Kf7 43. h5 Qe7 44. g3 Qd7 45. h6 gxh6 46. Qf3+ Ke8 47.
Qf6 Qf7 48. Qh8+ Kd7 49. Qb8 Qf2+ 50. Kh3 Qxd4 51. Qd6+ Ke8 52. Qxe6+ Kf8 53.
Qf6+ Ke8 54. Bh5+ Kd7 55. Qd6+ 1-0

[Event "I Torneo Puente Foral"]
[Site "?"]
[Date "2006.12.03"]
[Round "1.2"]
[White "Zamarbide Iñarrea, Daniel"]
[Black "Ojer Lora, Iker"]
[Result "1/2-1/2"]
[WhiteElo "2015"]
[BlackElo "2123"]
[PlyCount "40"]
[EventDate "2006.12.04"]

1. e4 e6 2. Nf3 d5 3. Nc3 Nf6 4. e5 Nfd7 5. d4 c5 6. dxc5 Bxc5 7. Bd3 Nc6 8.
Bf4 O-O 9. Bxh7+ Kxh7 10. Ng5+ Kg6 11. Qg4 Ncxe5 12. Qg3 f5 13. Nxe6+ Ng4 14.
Nxc5 Qe7+ 15. Kf1 Qxc5 16. h3 Rh8 17. Rg1 Qxf2+ 18. Qxf2 Nxf2 19. Kxf2 Nf6 20.
Rad1 Be6 1/2-1/2

[Event "I Torneo Puente Foral"]
[Site "?"]
[Date "2006.12.03"]
[Round "1.3"]
[White "Arjol Etxeberria, David"]
[Black "Iza Abete, Amaia"]
[Result "1-0"]
[WhiteElo "2073"]
[BlackElo "2025"]
[PlyCount "83"]
[EventDate "2006.12.04"]

1. c4 Nf6 2. Nc3 e5 3. e3 Be7 4. Qc2 Nc6 5. a3 d5 6. cxd5 Nxd5 7. Nf3 O-O 8. b3
Nxc3 9. dxc3 Bf6 10. Bb2 Re8 11. Be2 e4 12. Nd4 Qd5 13. Nxc6 Qxc6 14. O-O Qc5
15. Rfd1 Qg5 16. c4 Bh3 17. Bf1 Bxb2 18. Qxb2 c6 19. Rd6 Bg4 20. Qd4 a6 21. Ra2
Rac8 22. Qb6 Qe7 23. Rad2 Qc7 24. Qd4 h6 25. c5 Qe7 26. h3 Bf5 27. Bc4 Rc7 28.
b4 Qg5 29. Kh2 Kh7 30. Rd8 Rxd8 31. Qxd8 Qxd8 32. Rxd8 f6 33. g4 Bg6 34. Be6
Re7 35. Bc8 Rc7 36. Kg3 h5 37. gxh5 Bxh5 38. Bf5+ Bg6 39. Rd7 Rxd7 40. Bxd7 Bf7
41. Bc8 Bc4 42. Bxb7 1-0

[Event "I Torneo Puente Foral"]
[Site "?"]
[Date "2006.12.03"]
[Round "1.1"]
[White "Fournier, Camille"]
[Black "Argandoña Salinas, Gorka"]
[Result "1/2-1/2"]
[WhiteElo "2091"]
[BlackElo "2105"]
[PlyCount "93"]
[EventDate "2006.12.04"]

1. Nf3 e6 2. c4 d5 3. d4 Nf6 4. Nc3 Nbd7 5. cxd5 exd5 6. Bg5 Be7 7. e3 O-O 8.
Bd3 Re8 9. Qc2 Nf8 10. O-O g6 11. h3 Ne6 12. Bh4 Ng7 13. Bg3 c6 14. a3 Bf5 15.
b4 Rc8 16. Bh2 Bd6 17. Bxd6 Qxd6 18. Rfb1 Ne4 19. Bxe4 Bxe4 20. Nxe4 Rxe4 21.
b5 c5 22. Nd2 Ree8 23. dxc5 Rxc5 24. Qd3 Qe5 25. Nf3 Qe4 26. Qd4 Ne6 27. Qf6 b6
28. Ne5 Rc7 29. Rb4 Qc2 30. Rh4 Ng7 31. Ng4 Nf5 32. Qg5 Nxh4 33. Nf6+ Kf8 34.
Nxe8 Kxe8 35. Qxh4 Qb2 36. Rd1 Rc1 37. Rxc1 Qxc1+ 38. Kh2 Qxa3 39. Qf6 Qc5 40.
Qh8+ Ke7 41. Qxh7 Qxb5 42. Qh4+ Ke8 43. Qh8+ Ke7 44. Qe5+ Kd7 45. Qf6 Ke8 46.
Qh8+ Kd7 47. Qf6 1/2-1/2

[Event "I Torneo Puente Foral"]
[Site "?"]
[Date "2006.12.04"]
[Round "1"]
[White "Mombiela Martinez, Gonzalo"]
[Black "Monje Peinado, Roberto"]
[Result "1/2-1/2"]
[WhiteElo "2102"]
[BlackElo "2066"]
[PlyCount "28"]
[EventDate "2006.12.04"]

1. Nf3 Nf6 2. Nc3 d5 3. d4 Bf5 4. Bf4 c6 5. e3 e6 6. Bd3 Bxd3 7. Qxd3 Nbd7 8.
O-O Be7 9. h3 O-O 10. e4 dxe4 11. Nxe4 Nxe4 12. Qxe4 Nf6 13. Qe2 Qb6 14. c3 c5
1/2-1/2

[Event "I Torneo Puente Foral"]
[Site "?"]
[Date "2006.12.06"]
[Round "4.1"]
[White "Rizouk, Aimen"]
[Black "Cuartas, Jaime Alexander"]
[Result "1/2-1/2"]
[WhiteElo "2438"]
[BlackElo "2477"]
[PlyCount "23"]
[EventDate "2006.12.04"]

1. e4 e5 2. Nf3 Nf6 3. Nxe5 d6 4. Nf3 Nxe4 5. Qe2 Qe7 6. d3 Nf6 7. Nc3 c6 8.
Bg5 Qxe2+ 9. Bxe2 Be7 10. O-O-O O-O 11. Rhe1 h6 12. Bf4 1/2-1/2

[Event "I Torneo Puente Foral"]
[Site "?"]
[Date "2006.12.06"]
[Round "4.2"]
[White "Rada Equiza, Miguel"]
[Black "Tissir, Mohamed"]
[Result "0-1"]
[WhiteElo "2258"]
[BlackElo "2490"]
[PlyCount "60"]
[EventDate "2006.12.04"]

1. e4 c5 2. Nf3 d6 3. d4 cxd4 4. Nxd4 Nf6 5. Nc3 a6 6. f3 e6 7. Be3 Be7 8. Qd2
O-O 9. O-O-O Nc6 10. g4 Nd7 11. h4 Nde5 12. Be2 b5 13. Kb1 Nxd4 14. Qxd4 Nc6
15. Qd2 Qa5 16. Bd3 Bb7 17. g5 b4 18. Ne2 Ne5 19. Nd4 d5 20. h5 Nxf3 21. Nxf3
dxe4 22. g6 exd3 23. gxh7+ Kxh7 24. Qxd3+ Qf5 25. Qxf5+ exf5 26. Rhf1 Rad8 27.
Nd4 Be4 28. Rde1 Rfe8 29. Nxf5 Bxf5 30. Rxf5 Bh4 0-1

[Event "I Torneo Puente Foral"]
[Site "?"]
[Date "2006.12.06"]
[Round "4.4"]
[White "Mindeguia Guruceaga, Juan J"]
[Black "Navarrete Delgado, Sergio"]
[Result "1/2-1/2"]
[WhiteElo "2207"]
[BlackElo "2211"]
[PlyCount "22"]
[EventDate "2006.12.04"]

1. d4 Nf6 2. Nc3 d5 3. Bg5 Bf5 4. e3 c6 5. Bd3 Bg6 6. Nge2 Nbd7 7. O-O e6 8. e4
dxe4 9. Nxe4 Be7 10. Nxf6+ Bxf6 11. Bf4 Qe7 1/2-1/2

[Event "I Torneo Puente Foral"]
[Site "?"]
[Date "2006.12.06"]
[Round "4.5"]
[White "Gonzalez Menendez, Ivan"]
[Black "Navarro Cia, Miguel"]
[Result "1/2-1/2"]
[WhiteElo "2420"]
[BlackElo "2297"]
[PlyCount "95"]
[EventDate "2006.12.04"]

1. e4 Nf6 2. e5 Nd5 3. d4 d6 4. c4 Nb6 5. f4 Bf5 6. Nc3 e6 7. Nf3 dxe5 8. fxe5
Bb4 9. Be3 c5 10. Be2 Nc6 11. O-O cxd4 12. Nxd4 Nxd4 $11 13. Bxd4 O-O 14. a3
Be7 15. Nb5 Rc8 16. Nxa7 Bc2 17. Qxc2 Qxd4+ 18. Kh1 Rcd8 19. Nb5 Qxe5 20. Bf3
Rc8 21. Bxb7 Rxc4 22. Nc3 Rh4 23. g3 Qxg3 24. Qf2 Qb8 25. Bf3 Rh6 26. Ne4 Nc4
27. Rg1 Qxb2 28. Qxb2 Nxb2 29. a4 f5 30. Ng5 Bxg5 31. Rxg5 e5 32. Bd5+ Kh8 33.
a5 Rd6 34. Bb7 Nc4 35. a6 Nb6 36. a7 g6 37. Ra6 Rd1+ 38. Rg1 Rxg1+ 39. Kxg1 Na8
40. Re6 Kg7 41. Rxe5 Kf6 42. Rb5 h5 43. Bd5 Nc7 44. Rb7 Ke5 45. Rb8 Rf6 46. Bf3
Ra6 47. Rb7 Kd6 48. Rxc7 $11 1/2-1/2

[Event "I Torneo Puente Foral"]
[Site "?"]
[Date "2006.12.06"]
[Round "4.3"]
[White "Huerga Leache, Mikel"]
[Black "Ducret, Thomas"]
[Result "0-1"]
[WhiteElo "2315"]
[BlackElo "2206"]
[PlyCount "94"]
[EventDate "2006.12.04"]

1. e4 c5 2. Nf3 e6 3. d4 cxd4 4. Nxd4 Nc6 5. Nc3 d6 6. Be3 Nf6 7. Qd2 Be7 8. f3
O-O 9. O-O-O a6 10. g4 Nxd4 11. Qxd4 Nd7 12. h4 b5 13. g5 Qa5 14. Kb1 b4 15.
Ne2 Bb7 16. h5 Rfd8 17. g6 Bf6 18. gxf7+ Kxf7 19. Qd2 Ne5 20. Nd4 Rac8 21. Bh3
Nxf3 22. Bxe6+ Ke7 23. Nxf3 Kxe6 24. Bd4 Bxe4 25. Rhe1 d5 26. Bxf6 gxf6 27. Qh6
Kf7 28. Rxe4 dxe4 29. Qxh7+ Kf8 30. Qh6+ Ke7 31. Qh7+ Ke8 32. Qg6+ Ke7 33. Re1
f5 34. Qg7+ Kd6 35. Rd1+ Kc6 36. Nd4+ Kb6 $11 37. h6 Qd5 38. h7 e3 39. Qh6+ Kb7
40. Qxe3 Qe4 41. Qf2 f4 42. a3 b3 43. h8=Q bxc2+ 44. Ka2 Rxh8 45. Re1 Qxe1 46.
Qxe1 c1=Q 47. Qe4+ Ka7 0-1

[Event "I Torneo Puente Foral"]
[Site "?"]
[Date "2006.12.06"]
[Round "5.1"]
[White "Navarro Cia, Miguel"]
[Black "Rizouk, Aimen"]
[Result "0-1"]
[WhiteElo "2297"]
[BlackElo "2438"]
[PlyCount "48"]
[EventDate "2006.12.04"]

1. e4 e5 2. Nf3 Nc6 3. d4 exd4 4. Nxd4 Nf6 5. Nxc6 bxc6 6. e5 Qe7 7. Qe2 Nd5 8.
c4 Nb6 9. Nc3 a5 10. Bd2 Ba6 11. Qe4 g6 12. O-O-O Qe6 13. b3 a4 14. f4 axb3 15.
axb3 Bg7 16. g4 Qxg4 17. Be3 O-O 18. h4 d5 19. Qd4 dxc4 20. Bh3 Qh5 21. Rdg1
Rfd8 22. Qc5 Rd3 23. Bg4 Rxc3+ 24. Kd2 Rd3+ 0-1

[Event "I Torneo Puente Foral"]
[Site "?"]
[Date "2006.12.06"]
[Round "5.2"]
[White "Navarrete Delgado, Sergio"]
[Black "Gonzalez Menendez, Ivan"]
[Result "0-1"]
[WhiteElo "2211"]
[BlackElo "2420"]
[PlyCount "62"]
[EventDate "2006.12.04"]

1. e4 e6 2. d4 d5 3. Nc3 Bb4 4. e5 c5 5. a3 Bxc3+ 6. bxc3 Ne7 7. Qg4 O-O 8. Bd3
Qa5 9. Ne2 cxd4 10. Bg5 Ng6 11. f4 Nd7 12. O-O f5 13. Qh5 dxc3 14. Rf3 Rf7 15.
Rh3 Ngf8 16. g4 g6 17. Qh4 fxg4 18. Qxg4 Nc5 19. Bxg6 hxg6 20. Ng3 Ne4 21. Nxe4
dxe4 22. Rd1 Bd7 23. Bf6 Qc5+ 24. Kg2 Rxf6 25. Qh4 Rxf4 26. Qxf4 Qe7 27. Qh6
Qg7 28. Qg5 Nh7 29. Qg3 Rf8 30. Qxc3 Bc6 31. Kg1 Ng5 0-1

[Event "I Torneo Puente Foral"]
[Site "?"]
[Date "2006.12.06"]
[Round "5.4"]
[White "Tissir, Mohamed"]
[Black "Huerga Leache, Mikel"]
[Result "1-0"]
[WhiteElo "2490"]
[BlackElo "2315"]
[PlyCount "53"]
[EventDate "2006.12.04"]

1. e4 e6 2. d4 d5 3. Nd2 Nf6 4. e5 Nfd7 5. Bd3 c5 6. c3 Nc6 7. Ne2 cxd4 8. cxd4
f6 9. exf6 Nxf6 10. Nf3 Bd6 11. O-O O-O 12. Bf4 Bxf4 13. Nxf4 Ng4 14. Qd2 Qd6
15. g3 e5 16. dxe5 Ngxe5 17. Nxe5 Nxe5 $11 18. Be4 d4 19. Rad1 Rd8 20. Qc2 g6
21. Bd5+ Kg7 22. Rxd4 Nf3+ 23. Bxf3 Qxd4 24. Rd1 Qb6 25. Qc3+ Kh6 26. Nd5 Qe6
27. Rd4 1-0

[Event "I Torneo Puente Foral"]
[Site "?"]
[Date "2006.12.06"]
[Round "5.5"]
[White "Cuartas, Jaime Alexander"]
[Black "Rada Equiza, Miguel"]
[Result "1-0"]
[WhiteElo "2477"]
[BlackElo "2258"]
[PlyCount "75"]
[EventDate "2006.12.04"]

1. e4 e5 2. Nf3 Nc6 3. Bb5 a6 4. Ba4 Nf6 5. O-O b5 6. Bb3 Bc5 7. d3 d6 8. Be3
Bg4 9. c3 O-O 10. Nbd2 Qe7 11. Qe1 Bxe3 12. fxe3 Na5 13. Bc2 c5 14. Qg3 Nc6 15.
Nh4 Be6 16. Nf5 Bxf5 17. Rxf5 Kh8 18. Raf1 Qc7 19. Qh4 Rg8 20. Nf3 Ne7 21. Ng5
Ng6 22. Qh3 Nf8 23. Qh4 c4 24. d4 Ne6 25. dxe5 dxe5 26. Rxe5 Nxg5 27. Rxg5 Qb6
28. Rf3 h6 29. e5 Nh7 30. Rh5 Rad8 31. Qe4 Qg6 32. Qxg6 fxg6 33. Bxg6 Rd1+ 34.
Rf1 Rd2 35. e6 Nf6 36. e7 Rxb2 37. Rxf6 gxf6 38. Rd5 1-0

[Event "I Torneo Puente Foral"]
[Site "?"]
[Date "2006.12.06"]
[Round "4.1"]
[White "Martinez Salas, Imanol"]
[Black "Monje Peinado, Roberto"]
[Result "1/2-1/2"]
[WhiteElo "1956"]
[BlackElo "2066"]
[PlyCount "39"]
[EventDate "2006.12.04"]

1. e4 c5 2. Nf3 Nc6 3. d4 cxd4 4. Nxd4 g6 5. c4 Bg7 6. Be3 Nf6 7. Nc3 O-O 8.
Be2 d6 9. O-O Bd7 10. b3 Nxd4 11. Bxd4 Bc6 12. Bf3 a6 13. Rc1 Bh6 14. Rc2 Nd7
15. Re1 Ne5 16. Nd5 Nd7 17. Ne3 Ne5 18. Nd5 Nd7 19. Ne3 Ne5 20. Nd5 $11 1/2-1/2

[Event "I Torneo Puente Foral"]
[Site "?"]
[Date "2006.12.06"]
[Round "4.2"]
[White "Burguete Archel, Eduardo"]
[Black "Argaya Urdaniz, Miguel"]
[Result "1/2-1/2"]
[WhiteElo "2151"]
[BlackElo "2054"]
[PlyCount "120"]
[EventDate "2006.12.04"]

1. e4 e5 2. Bc4 Nc6 3. Nc3 Nf6 4. d3 Be7 5. f4 d6 6. Nf3 exf4 7. Bxf4 Be6 8.
Bb3 Bxb3 9. axb3 Nh5 10. Be3 O-O 11. O-O a6 12. Nd5 Nf6 13. Nxe7+ Qxe7 14. Bg5
h6 15. Bh4 Qe6 16. Qd2 Nd7 17. Rae1 Nde5 18. d4 Nxf3+ 19. Rxf3 Ne7 20. e5 Ng6
21. exd6 Qxd6 22. Bg3 Qb6 23. Rfe3 Rad8 24. Rd3 Rfe8 25. Kh1 Rxe1+ 26. Qxe1 Qf6
27. c3 c6 28. h3 Qf5 29. Rd2 Qd5 30. b4 Qd7 $11 31. Re2 f6 32. Kg1 Kf7 33. Re4
Qf5 34. Kh2 Rd7 35. Qe2 Re7 36. Rxe7+ Nxe7 37. Bd6 Qe6 38. Qxe6+ Kxe6 39. Bf4
Kd5 40. b3 g5 41. Bc7 Ke4 42. Bd8 Ng8 43. Bb6 Kd3 44. c4 Ne7 45. Bd8 Nf5 46.
Bxf6 Nxd4 47. Bg7 h5 48. Bf6 Ne6 49. Kg3 Ke3 50. Be7 h4+ 51. Kg4 Kd3 52. Bxg5
Kc3 53. Kf5 Nxg5 54. Kxg5 Kxb4 55. Kxh4 Kxb3 56. g4 a5 57. g5 a4 58. g6 a3 59.
g7 a2 60. g8=Q a1=Q $11 1/2-1/2

[Event "I Torneo Puente Foral"]
[Site "?"]
[Date "2006.12.06"]
[Round "4.3"]
[White "Mombiela Martinez, Gonzalo"]
[Black "Sola Plaza, Gregorio"]
[Result "1/2-1/2"]
[WhiteElo "2109"]
[BlackElo "2102"]
[PlyCount "99"]
[EventDate "2006.12.04"]

1. e4 e6 2. Nc3 c5 3. Nf3 a6 4. g3 Nc6 5. Bg2 g6 6. O-O Bg7 7. d3 Nge7 8. Be3
d6 9. Qd2 O-O 10. Bh6 e5 11. Nh4 Nd4 12. Bxg7 Kxg7 13. Ne2 b5 14. c3 Nxe2+ 15.
Qxe2 Ra7 16. f4 f6 17. Qe3 Nc6 18. Nf3 Bg4 19. Nd2 Bc8 20. h3 a5 21. Nf3 b4 22.
d4 exd4 23. cxd4 Nxd4 24. Nxd4 cxd4 25. Qxd4 Re7 26. Rfd1 Bb7 27. e5 Bxg2 28.
exf6+ Rxf6 29. Kxg2 Qa8+ 30. Kf2 Re4 31. Qb6 g5 32. Rxd6 Rf7 33. Rd8 Qa7 34.
Qxa7 Rxa7 35. f5 Rc4 36. Rd2 a4 37. a3 b3 38. Re1 Rac7 39. Ree2 h5 40. Kf3 g4+
41. hxg4 hxg4+ 42. Ke3 Kf6 43. Rd5 Re7+ 44. Kd3 Rxe2 45. Kxe2 Rc2+ 46. Rd2 Kxf5
47. Kd3 Rxd2+ 48. Kxd2 Ke4 49. Ke2 Kd4 50. Kd2 1/2-1/2

[Event "I Torneo Puente Foral"]
[Site "?"]
[Date "2006.12.06"]
[Round "4.2"]
[White "Fournier, Camille"]
[Black "Iza Abete, Amaia"]
[Result "0-1"]
[WhiteElo "2091"]
[BlackElo "2025"]
[PlyCount "95"]
[EventDate "2006.12.04"]

1. d4 f5 2. Bg5 g6 3. h4 Bg7 4. e3 Nf6 5. Nc3 d6 6. Bc4 h6 7. Bxf6 Bxf6 8. Nd5
e5 9. Qe2 Nc6 10. O-O-O Bg7 11. dxe5 Nxe5 12. Bb3 Bd7 13. Nf3 Rf8 14. Nf4 Qf6
15. c3 c6 16. Qd2 Nxf3 17. gxf3 d5 18. Rdg1 g5 19. hxg5 hxg5 20. Rh7 Bh8 21.
Nh3 g4 22. fxg4 Qg6 23. Rh4 fxg4 24. Nf4 Qf7 25. Bc2 O-O-O 26. Rh7 Qg8 27. Rgh1
Be5 28. Ng6 Bd6 29. Nxf8 Rxf8 30. Qd4 c5 31. Qh8 Qe6 32. Qg7 Rxf2 33. Rh8+ Kc7
34. Qg5 Be7 35. Qh6 Rf6 36. Qh2+ Bd6 37. Qd2 b6 38. R8h7 Rf7 39. Rxf7 Qxf7 40.
Qe2 g3 41. Rh7 Qg8 42. Qg2 Kd8 43. Bd3 Qg5 44. Kd2 c4 45. Rh8+ Kc7 46. Be2 Bc5
47. Qf3 g2 48. Rh5 0-1

[Event "I Torneo Puente Foral"]
[Site "?"]
[Date "2006.12.06"]
[Round "4.1"]
[White "Argandoña Salinas, Gorka"]
[Black "Ojer Lora, Iker"]
[Result "1/2-1/2"]
[WhiteElo "2105"]
[BlackElo "2123"]
[PlyCount "80"]
[EventDate "2006.12.04"]

1. d4 Nf6 2. c4 c5 3. Nf3 e6 4. Nc3 cxd4 5. Nxd4 Nc6 6. Ndb5 d6 7. Bg5 a6 8.
Bxf6 gxf6 9. Nd4 Qb6 10. Nb3 Be7 11. g3 Ne5 12. Bg2 Nxc4 13. Rb1 Bd7 14. Qd4
Qxd4 15. Nxd4 d5 16. e3 Rc8 17. Bf1 b5 18. Bxc4 Rxc4 19. Kd2 O-O 20. Rhc1 Rfc8
21. Nde2 b4 22. Nd1 e5 23. b3 Rxc1 24. Rxc1 Rxc1 25. Nxc1 f5 26. Ne2 Bc6 27. f4
f6 28. Nf2 h5 29. h4 Kf7 30. Nc1 Ke6 31. Ncd3 a5 32. Nd1 Kd6 33. N1f2 Bd8 34.
Ne1 Bb6 35. Nc2 Bb5 36. Nd3 d4 37. fxe5+ fxe5 38. exd4 Bxd3 39. Kxd3 exd4 40.
Nxd4 Ke5 1/2-1/2

[Event "I Torneo Puente Foral"]
[Site "?"]
[Date "2006.12.06"]
[Round "4.3"]
[White "Zamarbide Iñarrea, Daniel"]
[Black "Arjol Etxeberria, David"]
[Result "1-0"]
[WhiteElo "2015"]
[BlackElo "2073"]
[PlyCount "61"]
[EventDate "2006.12.04"]

1. e4 c5 2. Nf3 e6 3. b3 a6 4. Bb2 b6 5. g3 Bb7 6. d3 d6 7. Bg2 Nf6 8. O-O Be7
9. Re1 Nbd7 10. Nbd2 O-O 11. h3 Qc7 12. Nh2 b5 13. f4 Nb6 14. e5 Ne8 15. Nhf3
Rd8 16. Qe2 dxe5 17. fxe5 Qc8 18. Ne4 c4 19. dxc4 bxc4 20. Rad1 Rxd1 21. Rxd1
f5 22. Nd6 Bxd6 23. exd6 Bd5 24. Ba3 Rf6 25. Ne5 c3 26. Qe3 Qd8 27. Bc5 Nd7 28.
Nxd7 Qxd7 29. Bxd5 exd5 30. Rxd5 Nxd6 31. Qd3 1-0

[Event "I Torneo Puente Foral"]
[Site "?"]
[Date "2006.12.07"]
[Round "5.1"]
[White "Sola Plaza, Gregorio"]
[Black "Martinez Salas, Imanol"]
[Result "1/2-1/2"]
[WhiteElo "2102"]
[BlackElo "1956"]
[PlyCount "70"]
[EventDate "2006.12.04"]

1. e4 e6 2. Nc3 d5 3. Nf3 dxe4 4. Nxe4 Nd7 5. d4 Ngf6 6. Bd3 Be7 7. Qe2 c5 8.
Nxf6+ Nxf6 9. dxc5 Qa5+ 10. c3 Qxc5 11. Be3 Qc7 12. Bd4 Bd7 13. Ne5 Bc5 14.
Bxc5 Qxc5 15. Nxd7 Nxd7 16. Qe4 Qe5 17. Qxe5 Nxe5 18. Be2 Ke7 19. O-O-O Rad8
20. f4 Rxd1+ 21. Rxd1 Nd7 22. Bf3 b6 23. Kc2 Rd8 24. b4 Nf6 25. Rxd8 Kxd8 26.
c4 Kc7 27. Kd3 Kd6 28. Kd4 Nd7 29. g4 f6 30. g5 h6 31. gxh6 gxh6 32. Be2 Kc6
33. Ke4 a5 34. a3 Kd6 35. h3 Nb8 1/2-1/2

[Event "I Torneo Puente Foral"]
[Site "?"]
[Date "2006.12.07"]
[Round "5.2"]
[White "Argaya Urdaniz, Miguel"]
[Black "Mombiela Martinez, Gonzalo"]
[Result "0-1"]
[WhiteElo "2054"]
[BlackElo "2109"]
[PlyCount "116"]
[EventDate "2006.12.04"]

1. e4 c5 2. Nf3 Nc6 3. d4 cxd4 4. Nxd4 e5 5. Nb5 a6 6. Nd6+ Bxd6 7. Qxd6 Qf6 8.
Qd1 Nge7 9. Nc3 O-O 10. Bc4 d6 11. O-O Be6 12. Nd5 Bxd5 13. Bxd5 Rac8 14. c3
Nxd5 15. Qxd5 Qe6 16. Rd1 Rfd8 17. Bg5 Rd7 18. Rd3 Qxd5 19. Rxd5 f6 20. Be3 $11
Ne7 21. Rd3 Kf7 22. Rad1 Rc6 23. f3 Ke6 24. Kf2 f5 25. Bg5 fxe4 26. fxe4 Ng8
27. Rf3 h6 28. Rf8 Rf7+ 29. Rxf7 Kxf7 30. Bd8 Ke6 31. Ke3 Rc8 32. Ba5 Nf6 33.
Bb4 Rc6 34. Kf3 h5 35. g3 g5 36. Ba3 b5 37. Rd3 g4+ 38. Ke3 d5 39. exd5+ Nxd5+
40. Kd2 Rc8 41. Ke2 a5 42. Kd2 b4 43. cxb4 axb4 44. Rxd5 Kxd5 45. Bxb4 Rh8 46.
Ke3 h4 47. Kf2 h3 48. a4 Rh6 49. a5 Rf6+ 50. Ke2 Ra6 51. Bc3 Ke4 52. Bd2 Kd4
53. b4 Kc4 54. Ke3 Kb5 55. Kd3 Rf6 56. Ke2 Rf3 57. Be1 Ra3 58. Bd2 Rb3 0-1

[Event "I Torneo Puente Foral"]
[Site "?"]
[Date "2006.12.07"]
[Round "5.3"]
[White "Monje Peinado, Roberto"]
[Black "Burguete Archel, Eduardo"]
[Result "1/2-1/2"]
[WhiteElo "2066"]
[BlackElo "2151"]
[PlyCount "29"]
[EventDate "2006.12.04"]

1. d4 Nf6 2. c4 e6 3. Nc3 c5 4. d5 exd5 5. cxd5 d6 6. e4 g6 7. Nf3 Bg7 8. Bd3
O-O 9. h3 b5 10. Bxb5 Nxe4 11. Nxe4 Qa5+ 12. Nfd2 Qxb5 13. Nxd6 Qa6 14. N2c4
Nd7 15. O-O $11 1/2-1/2

[Event "I Torneo Puente Foral"]
[Site "?"]
[Date "2006.12.07"]
[Round "6.1"]
[White "Rizouk, Aimen"]
[Black "Rada Equiza, Miguel"]
[Result "1/2-1/2"]
[WhiteElo "2438"]
[BlackElo "2258"]
[PlyCount "43"]
[EventDate "2006.12.04"]

1. e4 e5 2. Nf3 Nc6 3. Bc4 Nf6 4. d3 Be7 5. O-O O-O 6. Bb3 d6 7. c3 Na5 8. Bc2
c5 9. a3 a6 10. b4 Nc6 11. h3 h6 12. Be3 Nh7 13. d4 cxd4 14. cxd4 Ng5 15. Nbd2
Bf6 16. d5 Nd4 17. Bxd4 exd4 18. Rb1 Be5 19. Nc4 Nxh3+ 20. gxh3 Bxh3 21. Rb3
Bf4 22. Qxd4 $11 1/2-1/2

[Event "I Torneo Puente Foral"]
[Site "?"]
[Date "2006.12.07"]
[Round "6.2"]
[White "Huerga Leache, Mikel"]
[Black "Cuartas, Jaime Alexander"]
[Result "1/2-1/2"]
[WhiteElo "2315"]
[BlackElo "2477"]
[PlyCount "81"]
[EventDate "2006.12.04"]

1. e4 c6 2. Nc3 d5 3. d4 dxe4 4. Nxe4 Nd7 5. Bd3 Ngf6 6. Ng5 e6 7. N1f3 Bd6 8.
Qe2 h6 9. Ne4 Nxe4 10. Qxe4 Nf6 11. Qe2 Qc7 12. Bd2 b6 13. O-O-O Bb7 14. Ne5 c5
15. Bb5+ Kf8 16. Bf4 Bd5 17. dxc5 Qxc5 18. Kb1 Kg8 19. Rhe1 a6 20. Bd3 b5 21.
g4 Qb4 22. Bd2 Qa4 23. b3 Qd4 24. f4 Rc8 25. Bc1 Qa7 26. Bb2 Bb4 27. Rf1 Qb7
28. g5 Ne4 29. g6 f6 30. Nf7 Nc3+ 31. Bxc3 Bxc3 32. Qe3 Qc6 33. f5 e5 34. Nxh8
Kxh8 35. Be2 Bd4 36. Qd2 Bg2 37. Rfe1 Be4 38. Bd3 Bf3 39. Be2 Be4 40. Bd3 Bf3
41. Be2 1/2-1/2

[Event "I Torneo Puente Foral"]
[Site "?"]
[Date "2006.12.07"]
[Round "6.3"]
[White "Mindeguia Guruceaga, Juan J"]
[Black "Tissir, Mohamed"]
[Result "0-1"]
[WhiteElo "2207"]
[BlackElo "2490"]
[PlyCount "64"]
[EventDate "2006.12.04"]

1. e4 c5 2. Nf3 e6 3. d4 cxd4 4. Nxd4 Nf6 5. Nc3 d6 6. Be3 Be7 7. f3 O-O 8. Qd2
Nc6 9. O-O-O a6 10. g4 Nd7 11. h4 Nde5 12. Qf2 Bd7 13. g5 b5 14. Kb1 Qc7 15.
Bd3 Rac8 16. Nce2 Nb4 17. Nc1 d5 18. exd5 Nxd5 19. Be4 Nc4 20. Bxd5 exd5 21.
Rhe1 Bd6 22. Re2 Rfe8 23. Bd2 Bg3 24. Qg2 Be5 25. Bc3 a5 26. Nd3 b4 27. Nxe5
bxc3 28. Nxd7 Qxd7 29. Rde1 cxb2 30. Nf5 Na3+ 31. Kxb2 Qb5+ 32. Ka1 Nxc2+ 0-1

[Event "I Torneo Puente Foral"]
[Site "?"]
[Date "2006.12.07"]
[Round "6.4"]
[White "Gonzalez Menendez, Ivan"]
[Black "Ducret, Thomas"]
[Result "1-0"]
[WhiteElo "2420"]
[BlackElo "2206"]
[PlyCount "63"]
[EventDate "2006.12.04"]

1. e4 c5 2. Nf3 e6 3. d4 cxd4 4. Nxd4 Nc6 5. Nc3 d6 6. Be2 Nf6 7. O-O Be7 8.
Be3 O-O 9. f4 Bd7 10. Kh1 Nxd4 11. Bxd4 Bc6 12. Bd3 Nd7 13. Qe2 Qc7 14. Rad1 a6
15. a4 e5 16. Be3 Nf6 17. fxe5 dxe5 18. Bg5 Rac8 19. Qf3 Kh8 20. Qh3 Ng8 21.
Nd5 Bxd5 22. exd5 g6 23. Bxe7 Qxe7 24. d6 Qxd6 25. Bf5 Qc7 26. Bxc8 Rxc8 27.
Rxf7 Qxf7 28. Qxc8 e4 29. h3 Kg7 30. Rd7 Ne7 31. Qc3+ Kh6 32. Qe3+ 1-0

[Event "I Torneo Puente Foral"]
[Site "?"]
[Date "2006.12.07"]
[Round "6.5"]
[White "Navarro Cia, Miguel"]
[Black "Navarrete Delgado, Sergio"]
[Result "1-0"]
[WhiteElo "2297"]
[BlackElo "2211"]
[PlyCount "81"]
[EventDate "2006.12.04"]

1. e4 e5 2. Nf3 Nf6 3. Nxe5 d6 4. Nf3 Nxe4 5. d4 Be7 6. Bd3 d5 7. O-O Bg4 8.
Re1 Nd7 9. c4 O-O 10. Nc3 Nxc3 11. bxc3 dxc4 12. Bxc4 Nb6 13. Bb3 c5 14. Ba3
Nd7 15. Qe2 Bf6 16. Qe4 Bxf3 17. Qxf3 Qc7 18. Rad1 Rad8 19. h3 b5 20. Bc1 a5
21. Bf4 Qa7 22. Bd6 cxd4 23. cxd4 a4 24. Bxf8 Rxf8 25. Bc2 Bxd4 26. Bxh7+ Kxh7
27. Qd3+ Kg8 28. Qxd4 Qxd4 29. Rxd4 Nf6 30. Rb1 Rb8 31. Rxa4 Nd5 32. Ra5 Nc3
33. Rb3 Ne2+ 34. Kh2 Nd4 35. Rb2 g6 36. a4 b4 37. Rd5 Nc6 38. Rb5 Ra8 39. Rb6
Ne7 40. R2xb4 Kg7 41. R6b5 1-0

[Event "I Torneo Puente Foral"]
[Site "?"]
[Date "2006.12.07"]
[Round "5.1"]
[White "Arjol Etxeberria, David"]
[Black "Argandoña Salinas, Gorka"]
[Result "0-1"]
[WhiteElo "2073"]
[BlackElo "2105"]
[PlyCount "120"]
[EventDate "2006.12.04"]

1. c4 e6 2. e3 d5 3. a3 Nf6 4. Nf3 Nbd7 5. Qc2 b6 6. b3 Bb7 7. Bb2 Bd6 8. cxd5
exd5 9. Be2 c5 10. d3 Qc7 11. Nbd2 O-O 12. Rc1 Rac8 13. Qb1 Rfe8 14. d4 Qd8 15.
O-O Ne4 16. Qa1 Nxd2 17. Nxd2 cxd4 18. Bxd4 Be5 19. Bb5 Bxd4 20. Qxd4 Re7 21.
b4 Nf8 22. Bd3 $11 Rec7 23. Rcd1 Rc3 24. Nb1 R3c7 25. Bf5 Ne6 26. Qg4 Qf6 27.
Bd3 g6 28. h3 Qb2 29. Qe2 Qe5 30. f4 Qg7 31. Nd2 Qb2 32. Nb1 Qb3 33. Qg4 a5 34.
f5 Ng7 35. Qd4 axb4 36. axb4 Rc6 37. Nd2 Qc3 38. fxg6 hxg6 39. Qxd5 R6c7 40.
Qb3 Qe5 41. Bxg6 Bd5 42. Bxf7+ Rxf7 43. Qd3 Rc3 44. Qd4 Qxe3+ 45. Qxe3 Rxe3 46.
Rxf7 Kxf7 47. Nf1 Re5 48. Ne3 Rxe3 49. Rxd5 Re6 50. Kf2 Ke7 51. g4 Rd6 52. Rxd6
Kxd6 53. h4 Ke5 54. Ke3 Ne6 55. Kd3 b5 56. Ke3 Nc7 57. h5 Nd5+ 58. Kd2 Kd4 59.
g5 Nf4 60. h6 Ng6 0-1